| 000 | 01630nam a2200481 i 4500 | ||
|---|---|---|---|
| 001 | 14257 | ||
| 003 | KOSZ 005 | ||
| 005 | 20240405063020.0 | ||
| 008 | 090407s1971 pl a g 001 0 pol | ||
| 035 | _a(PL-WaBN)b23591274-48omnis_nlop | ||
| 035 | _ab23591274 | ||
| 035 | _a(OCoLC)836617265 | ||
| 035 | _a(PL)b0000002359127 | ||
| 040 |
_aWA N _cWA N _dKOSZ 005/RW |
||
| 046 | _k1971 | ||
| 080 | _a94(100)"1939/1945" | ||
| 080 | _a94(430) | ||
| 080 | _a343.81/.84(430) | ||
| 080 | _a331-057.56(=162.1) | ||
| 100 | 1 |
_aGasztold, Tadeusz _d(1930-2000) _eAutor |
|
| 245 | 1 | 0 |
_aPolacy na robotach przymusowych w rolnictwie Pomorza Zachodniego 1939-1945 / _cTadeusz Gasztold. |
| 260 |
_aGdańsk : _bWydawnictwo Morskie, _c1971. |
||
| 300 |
_a288, [3] stron, [14] stron tablic : _bilustracje ; _c21 cm. |
||
| 336 |
_aTekst _btxt _2rdacontent |
||
| 337 |
_aBez urządzenia pośredniczącego _bn _2rdamedia |
||
| 338 |
_aWolumin _bnc _2rdacarrier |
||
| 380 | _aKsiążki | ||
| 380 | _aPublikacje naukowe | ||
| 388 | _a1901-2000 | ||
| 504 | _aBibliografia na stronach 272-[281]. Indeks. | ||
| 650 | 7 |
_aPraca przymusowa _2DBN |
|
| 658 | _aHistoria | ||
| 651 | 7 |
_aPomorze Zachodnie _2DBN |
|
| 648 | 7 |
_a1901-2000 _2DBN |
|
| 651 | 7 | _aNiemcy | |
| 648 | 7 |
_a1918-1939 _2DBN |
|
| 648 | 7 |
_a1939-1945 _2DBN |
|
| 650 | 7 |
_aPolacy za granicą _2DBN |
|
| 710 | 2 |
_aWydawnictwo Morskie (Gdańsk) _4pbl. |
|
| 856 |
_uhttp://koha.tu.koszalin.pl/cgi-bin/koha/opac-detail.pl?biblionumber=14257 _yKatalog online BPK |
||
| 942 |
_2UKD _cKS |
||
| 999 |
_c14257 _d14257 |
||